|
|
|
|
| LEADER |
00000nab a2200000 a 4500 |
| 001 |
vtls010577824 |
| 003 |
SK-MaSNL |
| 005 |
20260429170400.0 |
| 008 |
140221c2013 xo r 100 00slo |
| 015 |
|
|
|a SNBRA2014/03SVKPO
|
| 038 |
|
|
|a SVKPO
|
| 040 |
|
|
|a SVKPOCL
|b slo
|c SVKPOCL
|e AACR2
|
| 041 |
0 |
|
|a slo
|b eng
|
| 044 |
|
|
|a xo
|c SK
|
| 080 |
|
|
|a 314.743(=161.1)(437.6)
|2 2001
|
| 080 |
|
|
|a 050+070.48(=161.1):655(437.6)
|2 2001
|
| 080 |
|
|
|a 314.743(=161.2)(437.6)
|2 2001
|
| 080 |
|
|
|a 050+070.48(=161.2):655(437.6)
|2 2001
|
| 100 |
1 |
|
|a Ňachajová, Mária,
|d 1951-
|4 aut
|9 101167
|
| 245 |
1 |
0 |
|a Periodiká ruskej a ukrajinskej emigrácie vydávané na Slovensku v rokoch 1924 - 1944
|c Mária Ňachajová
|
| 500 |
|
|
|a Príloha 1. Súpis periodík ruskej a ukrajinskej emigrácie, ktoré vychádzali na Slovensku
|
| 504 |
|
|
|a Bibliogr. odkazy
|
| 546 |
|
|
|a Res. angl.
|
| 648 |
|
7 |
|a 1924-1944
|2 svkpocl
|9 614852
|
| 650 |
0 |
7 |
|a ruská emigrácia
|z Slovensko
|2 svkpocl
|9 1580751
|
| 650 |
0 |
7 |
|a ukrajinská emigrácia
|z Slovensko
|2 svkpocl
|9 1084858
|
| 650 |
0 |
7 |
|a periodiká
|2 svkpocl
|9 1414
|
| 650 |
0 |
7 |
|a ruské časopisy
|z Slovensko
|x vydávanie
|2 svkpocl
|9 1580752
|
| 650 |
0 |
7 |
|a ukrajinské časopisy
|z Slovensko
|x vydávanie
|2 svkpocl
|9 1580753
|
| 773 |
0 |
|
|t Z dejín knižnej kultúry východného Slovenska III. / Marcela Domenová (ed.)
|d Prešov : Štátna vedecká knižnica, 2013
|g S. 134-147
|z 978-80-89614-03-5
|
| 852 |
|
|
|a SVKPO
|b KIS3GCP
|
| 958 |
|
|
|a SK
|
| 958 |
|
|
|a NB
|
| 999 |
|
|
|c 3231395
|d 3233325
|